| 000 | 01062cai a22001815a 4500 | ||
|---|---|---|---|
| 001 | E147098 | ||
| 008 | 090401u xxk g 000 0 eng d | ||
| 035 | _a(Sirsi) u147098 | ||
| 041 | 0 | _aeng | |
| 110 | 2 |
_aScotland _bScottish Government _95344 |
|
| 245 | 0 | 0 |
_aMarine Scotland _h[electronic resource] |
| 520 | _aSection of the Scottish Government website devoted to Marine Scotland, an organisation which is operational from 1 April 2009, and which brings together the functions formerly divided between the Scottish Government Marine Directorate, the Fisheries Research Services and the Scottish Fisheries Protection Agency. Includes sections on marine strategy, marine science, and compliance, as well as the Marine Scotland Strategy Statement. | ||
| 590 | _aKA | ||
| 651 | 4 |
_aScotland _y1707-1998 |
|
| 690 | _aPROPERTY-RURAL AND NATURAL ASSETS-MARINE RESOURCES-MARINE RESOURCE MANAGEMENT | ||
| 856 | 4 | 0 |
_uhttps://www.scotland.gov.uk/About/Directorates/Wealthier-and-Fairer/marine-scotland _zView the website free of charge at www.scotland.gov.uk... |
| 942 | _n0 | ||
| 999 |
_c120783 _d120783 |
||